<?xml version="1.0" encoding="UTF-8"?>
<collection xmlns="http://www.loc.gov/MARC21/slim">
 <record>
  <leader>00511pamaa2200157   4500</leader>
  <controlfield tag="001">0000036052</controlfield>
  <controlfield tag="005">20060830090000.0</controlfield>
  <datafield tag="020" ind1="0" ind2="0">
   <subfield code="a">?(pbk) </subfield>
  </datafield>
  <datafield tag="090" ind1="0" ind2="0">
   <subfield code="a">BQ5630.V5 </subfield>
   <subfield code="b">JAN 2003</subfield>
  </datafield>
  <datafield tag="100" ind1="1" ind2="0">
   <subfield code="a">JANAKABHIVAMSA </subfield>
  </datafield>
  <datafield tag="245" ind1="1" ind2="0">
   <subfield code="a">Vipassana meditation : </subfield>
   <subfield code="b">A path to enlightenment  </subfield>
   <subfield code="c">Chanmyay Sayadaw Askin Janakabhivamsa.</subfield>
  </datafield>
  <datafield tag="260" ind1="0" ind2="0">
   <subfield code="a">Subang Jaya: </subfield>
   <subfield code="b">Subang Jaya Budhist Association, </subfield>
   <subfield code="c">2003.</subfield>
  </datafield>
  <datafield tag="300" ind1=" " ind2=" ">
   <subfield code="a">149p.: </subfield>
   <subfield code="b">ill.; </subfield>
   <subfield code="c">23 cm.</subfield>
  </datafield>
  <datafield tag="650" ind1="0" ind2="0">
   <subfield code="a">Vipaśyanā (Buddhism) </subfield>
  </datafield>
  <datafield tag="650" ind1="0" ind2="0">
   <subfield code="a">Meditation -- Buddhism </subfield>
  </datafield>
  <datafield tag="650" ind1="0" ind2="0">
   <subfield code="a">Buddhism -- Doctrines </subfield>
  </datafield>
 </record>
</collection>
